| 000 | 00622nam a22002052 4500 | ||
|---|---|---|---|
| 001 | 0000013174 | ||
| 005 | 20151217152123.0 | ||
| 008 | 090614s xx 000 0 eng d | ||
| 020 | _a9054107863 : | ||
| 040 |
_aKABU _cKABU |
||
| 245 | 1 | 0 |
_aSolid waste management / _cedited by Velma I. Grover ...[et al.]. |
| 250 | _a1st ed. | ||
| 260 |
_aBrookfield, Vermont : _bA. A. Balkema, _c2000. |
||
| 300 | _axiv, 325 p. | ||
| 650 | 0 |
_aRefuse and refuse disposal. _@0000170314 |
|
| 700 | 1 |
_aGrover, Velma I. _@0000170315 |
|
| 852 | 1 | _9p7150 KES | |
| 908 | _a090614 | ||
| 950 | _@1 | ||
| 999 |
_c8473 _d8473 |
||